Product-Oriented Environmental Management Systems (POEMS) : Improving Sustainability and Competitiveness in the Agri-Food Chainwith Innovative Environmental Management Tools /

Gespeichert in:
Bibliographische Detailangaben
1. Verfasser: Salomone, Roberta (Verfasst von)
Format: Buch
Sprache:Englisch
Veröffentlicht: Dordrecht Springer 2013
Schlagworte:
Tags: Tag hinzufügen
Keine Tags, Fügen Sie das erste Tag hinzu!

MARC

LEADER 00000nam a22000003a 4500
001 0030896
003 SK-STU
005 20180202100058.4
007 ta
008 180202s ----xo-----e------000-0-----d
020 |a 978-94-007-6115-5 
040 |a STU  |b slo 
041 0 |a eng 
044 |a ne 
100 1 |a Salomone, Roberta  |4 aut 
245 1 0 |a Product-Oriented Environmental Management Systems (POEMS) :  |b Improving Sustainability and Competitiveness in the Agri-Food Chainwith Innovative Environmental Management Tools /  |c aut. Roberta Salomone a kol. 
260 |a Dordrecht  |b Springer  |c 2013 
300 |a 332 s. 
650 0 7 |a environmentálne manažérske systémy 
996 |b 284M087628  |c M* 14110-1  |l MMKN  |s A  |a 24  |w 0030896_0001